000 00353nam a22000977a 4500
008 150722b xxu||||| |||| 00| 0 eng d
010 _8HCCRSARF: 032
245 _aHIGH COURT CRIMINAL SESSION No.112 of 1975 Uganda Vs A1 Matayo Ntambwiriza A2 Matayo Bisagala A3 Mariki Mugiria
260 _aHigh Court Kampala
500 _3Before Hon.Mr. Justice P.A.P.J. Allen
999 _c8042
_d8042